000 01240nas a2200313 i 4500
001 1163
003 ES-MaACL
005 20250828000900.0
008 950801c1940 sp qr p 0 1 |spa d
022 _a0018-2141
080 _a94(460)
245 0 0 _aHispania :
_brevista española de historia /
_c[dir., Pío Zabala Lera].
260 _aMadrid :
_bInstituto Jerónimo Zurita,
_c1940-
300 _a36 v. ;
_c26 cm.
310 _aTrimestral
362 0 _aN. 1 (oct.-dic. 1940)-
530 _aDisponible en formato digital desde 1996 (v. 56, n. 192)
651 4 _aEspaña-
_xHistoria.
_98209
655 7 _2tgfbne
_9226866
_aRevistas
700 1 _aZabala y Lera, Pío,
_d1879-1968
_9117794
710 2 _aInstituto Jerónimo Zurita
_95106
852 4 _aES-MaACL
_jHEM-2006
_91188
_cHEM
_zExpurgado marzo 2025: posterior 1958; sin encuadernar; en acceso abierto
856 _uhttp://hispania.revistas.csic.es/index.php/hispania
_zAcceso electrónico
856 _uhttps://dialnet.unirioja.es/servlet/revista?codigo=648
_ySumarios de la revista en Dialnet
866 0 _o1940-1949(1950),1987-2011.
_uFaltas: 1950 (n. 38-40)
942 _2udc
_cPERIODICA
999 _c1163
_d1163